Interpreting Qualitative Data : (Record no. 880)
[ view plain ]
| 000 -LEADER | |
|---|---|
| fixed length control field | 00600nam a22001697a 4500 |
| 008 - FIXED-LENGTH DATA ELEMENTS--GENERAL INFORMATION | |
| fixed length control field | 020420b xxu||||| |||| 00| 0 eng d |
| 020 ## - INTERNATIONAL STANDARD BOOK NUMBER | |
| International Standard Book Number | 978-0-85702-421-3 |
| 040 ## - CATALOGING SOURCE | |
| Original cataloging agency | G.U |
| Transcribing agency | T.O.D |
| Modifying agency | G.U |
| 041 ## - LANGUAGE CODE | |
| Language code of text/sound track or separate title | English |
| 082 ## - DEWEY DECIMAL CLASSIFICATION NUMBER | |
| Classification number | 300.72 SIL |
| 245 ## - TITLE STATEMENT | |
| Title | Interpreting Qualitative Data : |
| Remainder of title | A guide to the principles of qualitative research / |
| Statement of responsibility, etc. | Silverman, David . _ |
| 250 ## - EDITION STATEMENT | |
| Edition statement | 4th Edition . _ |
| 260 ## - PUBLICATION, DISTRIBUTION, ETC. (IMPRINT) | |
| Place of publication, distribution, etc. | Los Angeles : |
| Name of publisher, distributor, etc. | SAGE publications, |
| Date of publication, distribution, etc. | c2011 |
| 300 ## - PHYSICAL DESCRIPTION | |
| Extent | xv, 500 pages : |
| Other physical details | ill. ; |
| Dimensions | 24 cm. |
| Accompanying material | includes bibliographical references and indexes |
| 650 ## - SUBJECT ADDED ENTRY--TOPICAL TERM | |
| Form subdivision | Qualitative Research |
| 942 ## - ADDED ENTRY ELEMENTS (KOHA) | |
| Source of classification or shelving scheme | Dewey Decimal Classification |
| Koha item type | Book |
| Withdrawn status | Lost status | Source of classification or shelving scheme | Damaged status | Not for loan | Home library | Current library | Date acquired | Inventory number | Total Checkouts | Full call number | Barcode | Date last seen | Price effective from | Koha item type |
|---|---|---|---|---|---|---|---|---|---|---|---|---|---|---|
| Dewey Decimal Classification | Main Library East Wing | Main Library East Wing | 26/04/2002 | 0030290 | 300.72 SIL | 3157 | 26/04/2002 | 26/04/2002 | Book |
